000
00318nam a22001337a 4500
008
210226b ||||| |||| 00| 0 eng d
020
_a
0838501028
041
_a
eng
080
_a
617
100
_a
6
101
_a
ANE
245
_a
Anesthetic Implications of Congenital Anomalies in Children
_c
STE
942
_2
udc
_c
BK
999
_c
55281
_d
55281